| 000 | 00676nam a2200205Ia 4500 | ||
|---|---|---|---|
| 003 | GCL | ||
| 008 | 140319s9999 xx 000 0 ara d | ||
| 020 | _a6044291977 | ||
| 040 |
_aGCL / _cGCL |
||
| 082 | 0 | 4 |
_a814.008 _bا هـ |
| 100 | 1 | _aاحمد ابراهيم الفقيه | |
| 245 | 1 | 0 |
_aهاجس الكتابة / _cاحمد ابراهيم الفقيه |
| 250 | _aالاولى | ||
| 260 |
_aالقاهرة : _bمركز الحضارة العربية للاعلام والنشر ، _c1998 |
||
| 300 |
_a186 ص ؛ _c10 سم |
||
| 650 | 0 | 4 | _aالمقالات العربية |
| 650 | 0 | 4 | _aالمقالات |
| 650 | 0 | 4 | _aالمقالات - مجموعات |
| 942 |
_2ddc _cBK |
||
| 999 |
_c5377 _d5377 |
||